Countries Spelled Backwards - Statistics

General Stats
  • This quiz has been taken 320 times
  • The average score is 15 of 16
Answer Stats
Hint Answer % Correct
nari Iran
99%
abuc Cuba
98%
napaj Japan
98%
lizarb Brazil
97%
ocixem Mexico
97%
rataq Qatar
96%
ynamreg Germany
95%
rodauce Ecuador
94%
kramned Denmark
93%
ailartsua Australia
92%
anitnegra Argentina
88%
sarudnoh Honduras
88%
aisenodni Indonesia
85%
natshkazak Kazakhstan
83%
eropagnis Singapore
83%
hsedalgnab Bangladesh
78%
No matching quizzes found
Score Distribution
Percent of People with Each Score
Percentile by Number Answered
Your Score History
You have not taken this quiz